Loading...

Course of mineralogy

Bibliographic Details
Main Author: Betekhtin,A
Format: Printed Book
Published: Moscow Peace publishers
Subjects:
LEADER 00407nam a22001337a 4500
082 |a 549  |b BET/C 
100 |a Betekhtin,A. 
245 |a Course of mineralogy 
260 |a Moscow  |b Peace publishers 
300 |a 642p. 
650 |a Agol,V.(Tr.) 
942 |c BK 
999 |c 297510  |d 297510 
952 |0 0  |1 0  |4 0  |6 549_000000000000000_BET_C  |7 0  |8 NFIC  |9 317068  |a RUS  |b RUS  |c GEN  |d 2020-09-07  |l 0  |o 549 BET/C  |p RUS3278  |r 2020-09-07  |w 2020-09-07  |y BK